Vodohospodársky a energetický plán malej vodnej elektrárne

Saved in:
Bibliographic Details
Main Author: Semančák, Filip (Author)
Other Authors: Dušička, Peter (Thesis advisor)
Format: Manuscript Book
Language:Slovak
Published: 2025
Subjects:
Online Access:http://is.stuba.sk/zp/portal_zp.pl?podrobnosti=174555
CRZP
Tags: Add Tag
No Tags, Be the first to tag this record!

MARC

LEADER 00000ntm a22000003a 4500
001 stuzp105315
003 SK-STU
005 20250731152103.8
007 ta
008 150427s2015----xo-----f-mn---000-0-slo-d
040 |a STU  |b slo 
041 0 |a slo 
100 1 |a Semančák, Filip  |u 010170  |4 aut  |U SvF Stavebná fakulta  |T SvF Katedra hydrotechniky  |X 120077  |U V170  |Y 17  |7 120077 
242 0 1 |a Water management and energy plan of a small hydropower plant  |y eng 
245 1 0 |a Vodohospodársky a energetický plán malej vodnej elektrárne 
260 |c 2025 
650 4 |a malá vodná elektráreň  |2 slo 
650 4 |a hydroenergetický potenciál  |2 slo 
650 4 |a vodohospodársky a energetický plán  |2 slo 
650 4 |a legislatíva  |2 slo 
650 4 |a výroba elektrickej energie  |2 slo 
650 4 |a hydroenergetic potential  |2 eng 
650 4 |a water management and energy plan  |2 eng 
650 4 |a legislation  |2 eng 
650 4 |a electricity production  |2 eng 
650 4 |a small hydropower plant  |2 eng 
700 1 |a Dušička, Peter  |u 010170  |k Z1  |4 ths  |U SvF Stavebná fakulta  |T SvF Katedra hydrotechniky  |X 977  |U V170  |Y 17  |7 A000000977 
856 4 |u http://is.stuba.sk/zp/portal_zp.pl?podrobnosti=174555 
856 4 |u https://opac.crzp.sk/?fn=detailBiblioForm&sid=EE8AF2E76B4BE2A868AAC793824A  |z CRZP